[Event "Dmitrov op"]
[Site "Dmitrov"]
[Date "2007.07.27"]
[Round "8"]
[White "Trapeznikova, Darya"]
[Black "Dolskiy, Viktor"]
[Result "0-1"]
[WhiteElo "1959"]
[BlackElo "1982"]
[PlyCount "52"]
[EventDate "2007.07.22"]
[EventType "swiss"]
[EventRounds "12"]
[EventCountry "RUS"]
[SourceTitle "EXT 2022"]
[Source "ChessBase"]
[SourceDate "2021.10.06"]
[SourceVersion "1"]
[SourceVersionDate "2021.10.06"]
[SourceQuality "1"]

1. d4 d5 2. c4 Nf6 3. Nc3 e6 4. cxd5 exd5 5. Bg5 Nbd7 6. e3 c6 7. Bd3 Bd6 8. Qc2 h6 9. Bh4 0-0 10. Nf3 Re8 11. 0-0-0 b5 12. g4 b4 13. Ne2 c5 14. g5 hxg5 15. Bxg5 c4 16. Bh7+ Kh8 17. Rhg1 Nf8 18. Bf5 b3 19. axb3 cxb3 20. Qd3 Qc7+ 21. Nc3 Ne4 22. Bxc8 Raxc8 23. Bh4 Qa5 24. Ng5 Qa1+ 25. Qb1 Rxc3+ 26. bxc3 Qxc3+ 0-1